[Event "?"]
[Site "?"]
[Date "????.??.??"]
[Round "?"]
[White "Nordstrom, F."]
[Black "Glasewald, S."]
[Result "1-0"]
[WhiteElo "2116"]
[BlackElo "2075"]
[PlyCount "81"]
[EventDate "2013.??.??"]
[WhiteTeam "Schweden 2"]
[BlackTeam "SV Dresden-Striesen 1990"]

1. d4 Nf6 2. c4 e5 3. dxe5 Ne4 4. Nf3 Nc6 5. a3 d6 6. Qc2 Bf5 7. Nc3 Nxf2 8.
Qxf5 Nxh1 9. e6 f6 10. g3 Ne5 11. Nxe5 dxe5 12. Be3 c6 13. Bg2 Nxg3 14. hxg3
Qa5 15. Rd1 Rd8 16. Rxd8+ Qxd8 17. Qc2 Be7 18. Be4 Qc8 19. Bxh7 Qxe6 20. Qd3 b6
21. Bg6+ Kf8 22. Bf5 Qd6 23. Qe4 Qc7 24. Bg4 Rh2 25. Bf3 c5 26. Qa8+ Kf7 27.
Nb5 Qd7 28. Qd5+ Ke8 29. Qxd7+ Kxd7 30. Nxa7 f5 31. Bd5 g5 32. Nc6 Bf6 33. b4
f4 34. Bg1 Rh3 35. gxf4 exf4 36. bxc5 bxc5 37. Bxc5 g4 38. Kf1 f3 39. exf3 gxf3
40. Nd4 f2 41. Be6+ 1-0

[Event "?"]
[Site "?"]
[Date "????.??.??"]
[Round "?"]
[White "Groschup, G."]
[Black "Korman, U."]
[Result "1-0"]
[WhiteElo "2010"]
[BlackElo "2150"]
[PlyCount "139"]
[EventDate "2013.??.??"]
[WhiteTeam "SV Dresden-Striesen 1990"]
[BlackTeam "Schweden 2"]

1. d4 Nf6 2. c4 e6 3. Nf3 c5 4. dxc5 Bxc5 5. e3 O-O 6. Be2 d5 7. O-O Nc6 8. a3
a6 9. Qc2 dxc4 10. Bxc4 Qe7 11. b4 Ba7 12. Bb2 e5 13. Nbd2 Bg4 14. Rac1 Rac8
15. Qb1 b5 16. Bb3 Bh5 17. h3 Rfe8 18. Bc2 Bg6 19. Bxg6 hxg6 20. Ne4 Nxe4 21.
Qxe4 Qe6 22. Ng5 Qf5 23. Rxc6 Qxg5 24. Rxc8 Rxc8 25. Qb7 Rc2 26. Qxa7 Rxb2 27.
Qxa6 e4 28. Qa8+ Kh7 29. Qxe4 Rb3 30. Qa8 Qe5 31. Rd1 f6 32. Qd5 Rb1 33. Qd3
Rxd1+ 34. Qxd1 Qc3 35. Qe2 Qc1+ 36. Qf1 Qc6 37. Qd3 Qc1+ 38. Kh2 Qc4 39. Qd4
Qa2 40. Qh4+ Kg8 41. Qg3 Kh7 42. e4 Qb2 43. Qe3 g5 44. g3 Qe5 45. Qd3 Kg6 46.
Kg2 Kh6 47. Qd5 Qe8 48. Qf5 Qc6 49. Qg4 g6 50. Qf3 Qe6 51. Qd3 Qe5 52. Qd5 Qe8
53. Qb7 Qe5 54. Qc6 Kg7 55. Kf3 Qa1 56. Qd7+ Kg8 57. Qe8+ Kg7 58. Kg2 Qd4 59.
Qxb5 Qxe4+ 60. Kg1 Qe1+ 61. Qf1 Qc3 62. Qg2 Qxa3 63. Qb7+ Kh6 64. b5 f5 65. b6
f4 66. gxf4 gxf4 67. Kg2 Qb3 68. Qc6 f3+ 69. Qxf3 Qxb6 70. Qe3+ 1-0

[Event "?"]
[Site "?"]
[Date "????.??.??"]
[Round "?"]
[White "Wademark, H."]
[Black "Barz, H."]
[Result "1-0"]
[WhiteElo "2080"]
[BlackElo "1974"]
[PlyCount "91"]
[EventDate "2013.??.??"]
[WhiteTeam "Schweden 2"]
[BlackTeam "SV Dresden-Striesen 1990"]

1. e4 c5 2. Nc3 Nc6 3. f4 g6 4. Nf3 Bg7 5. Bb5 Nd4 6. Nxd4 cxd4 7. Ne2 a6 8.
Bc4 e6 9. d3 Ne7 10. O-O d6 11. Qe1 O-O 12. Qf2 Nc6 13. a3 Qe7 14. Ng3 f5 15.
exf5 gxf5 16. b4 d5 17. Bb3 Qh4 18. Bb2 Bd7 19. Rae1 Rae8 20. Kh1 Rf6 21. Qg1
Rh6 22. Rf3 Kh8 23. Ne2 Qf6 24. Rg3 Rg6 25. Rh3 Rg4 26. Qf2 e5 27. Rf1 e4 28.
Bxd5 e3 29. Qe1 Qd6 30. Bf3 Rg6 31. Bh5 Ree6 32. Bxg6 Rxg6 33. Rff3 Rg4 34.
Rfg3 Ne7 35. Rh5 Be8 36. Rg5 Rxg5 37. Rxg5 Bg6 38. Qa1 Nc6 39. Rg3 Kg8 40. Qf1
Kf8 41. Rh3 Qd5 42. c3 Qb3 43. Qc1 dxc3 44. Bxc3 Bxc3 45. Nxc3 e2 46. Nxe2 1-0

[Event "?"]
[Site "?"]
[Date "????.??.??"]
[Round "?"]
[White "Ashby, A."]
[Black "Strauss, P."]
[Result "1-0"]
[WhiteElo "2116"]
[BlackElo "1800"]
[PlyCount "53"]
[EventDate "2013.??.??"]
[WhiteTeam "England 2"]
[BlackTeam "BSW/DBAG 3"]

1. e4 d6 2. d4 Nf6 3. Nc3 g6 4. f4 Bg7 5. Nf3 O-O 6. Bd3 c6 7. O-O Nbd7 8. e5
dxe5 9. fxe5 Nd5 10. Ne4 Qb6 11. c4 Nb4 12. c5 Qc7 13. Bc4 Nd5 14. Bxd5 cxd5
15. Nc3 Qc6 16. b4 a6 17. a4 Nb6 18. b5 axb5 19. axb5 Qd7 20. Rxa8 Nxa8 21. b6
Qc6 22. Qb3 Rd8 23. Bg5 Bf8 24. Ne2 f6 25. Bf4 Bf5 26. Ng3 Be4 27. Nxe4 1-0

[Event "?"]
[Site "?"]
[Date "????.??.??"]
[Round "?"]
[White "Fitzke, U."]
[Black "Quinn, J."]
[Result "0-1"]
[WhiteElo "2003"]
[BlackElo "2103"]
[PlyCount "84"]
[EventDate "2013.??.??"]
[WhiteTeam "BSW/DBAG 3"]
[BlackTeam "England 2"]

1. d4 Nf6 2. c4 e6 3. Nc3 Bb4 4. Bd2 O-O 5. e3 c5 6. Nf3 d5 7. Be2 Nc6 8. cxd5
exd5 9. dxc5 Bxc5 10. O-O a6 11. Rc1 Ba7 12. a3 Qd6 13. Qc2 Bg4 14. Na4 Rac8
15. h3 Nd4 16. Qd1 Rxc1 17. Bxc1 Nxe2+ 18. Qxe2 Bh5 19. Bd2 Bb8 20. Bb4 Bxf3
21. Bxd6 Bxe2 22. Bxf8 Bxf1 23. Kxf1 Kxf8 24. Nc5 Be5 25. b3 Bd6 26. Nxb7 Bxa3
27. Na5 Ke7 28. Nc6+ Kd6 29. Nd4 g6 30. f3 Nd7 31. Ke2 Bb2 32. Nc2 a5 33. e4
dxe4 34. fxe4 Nc5 35. b4 a4 36. bxc5+ Kxc5 37. Kd3 a3 38. g4 a2 39. h4 a1=Q 40.
Nxa1 Bxa1 41. h5 g5 42. e5 Kd5 0-1

[Event "?"]
[Site "?"]
[Date "????.??.??"]
[Round "?"]
[White "Myall, I."]
[Black "Kaiser, H."]
[Result "1-0"]
[WhiteElo "2087"]
[BlackElo "1851"]
[PlyCount "93"]
[EventDate "2013.??.??"]
[WhiteTeam "England 2"]
[BlackTeam "BSW/DBAG 3"]

1. e4 c5 2. c3 e5 3. Nf3 Nc6 4. Bc4 Nf6 5. d3 h6 6. O-O d6 7. h3 Be7 8. Bb3 O-O
9. Be3 Bd7 10. Nbd2 Qc8 11. Kh2 Be6 12. d4 cxd4 13. cxd4 exd4 14. Nxd4 Nxd4 15.
Bxd4 b5 16. Qf3 Bxb3 17. Qxb3 a6 18. Rfe1 Qd7 19. Nf1 Rfc8 20. Qf3 Rc6 21. Ne3
Rac8 22. a3 Qe6 23. Rad1 Kh7 24. Nd5 Bd8 25. Nf4 Qe8 26. Bc3 Qf8 27. Ne2 Rc4
28. Ng3 R8c6 29. Nf5 Be7 30. Ne3 R4c5 31. Bd4 Rg5 32. Nf5 a5 33. Bc3 a4 34. Bb4
Ne8 35. g4 g6 36. Nd4 Ra6 37. Qd3 d5 38. e5 Bxb4 39. axb4 Qxb4 40. f4 Rxg4 41.
hxg4 Qxb2+ 42. Re2 Qb4 43. Qxb5 Qe7 44. Qxa6 Qh4+ 45. Kg2 Qxg4+ 46. Kf1 Qh3+
47. Kf2 1-0

[Event "?"]
[Site "?"]
[Date "????.??.??"]
[Round "?"]
[White "Tichatschke, W."]
[Black "Beniest, R."]
[Result "1/2-1/2"]
[WhiteElo "2012"]
[BlackElo "2138"]
[PlyCount "31"]
[EventDate "2013.??.??"]
[WhiteTeam "SV Lok Dresden"]
[BlackTeam "Belgien 2"]

1. e4 g6 2. d4 Bg7 3. Nf3 d6 4. Nc3 a6 5. Be3 b5 6. a3 Nd7 7. Qd2 Bb7 8. Be2 c5
9. O-O cxd4 10. Nxd4 Ngf6 11. Bh6 O-O 12. Bxg7 Kxg7 13. f3 Rc8 14. Kh1 Qb6 15.
Rad1 h6 16. Qe1 1/2-1/2

[Event "?"]
[Site "?"]
[Date "????.??.??"]
[Round "?"]
[White "Eskandary, J."]
[Black "Hajenius, W."]
[Result "1/2-1/2"]
[WhiteElo "2108"]
[BlackElo "1923"]
[PlyCount "43"]
[EventDate "2013.??.??"]
[WhiteTeam "SV Lok Dresden"]
[BlackTeam "Belgien 2"]

1. e4 c5 2. Nc3 Nc6 3. Bc4 e6 4. d3 a6 5. a3 Nf6 6. Ba2 Be7 7. f4 d6 8. Nge2 b6
9. Ng3 h5 10. Nce2 h4 11. Nf1 e5 12. Ne3 exf4 13. Nxf4 Bd7 14. c3 Ne5 15. Nfd5
h3 16. g3 Nfg4 17. d4 Nxe3 18. Nxe3 cxd4 19. cxd4 Nc6 20. Nd5 Be6 21. O-O f6
22. Nxe7 1/2-1/2

[Event "?"]
[Site "?"]
[Date "????.??.??"]
[Round "?"]
[White "Schrickx, F."]
[Black "Goerden, H."]
[Result "1/2-1/2"]
[WhiteElo "1901"]
[BlackElo "1930"]
[PlyCount "53"]
[EventDate "2013.??.??"]
[WhiteTeam "Belgien 2"]
[BlackTeam "SV Lok Dresden"]

1. e4 c5 2. Nf3 a6 3. d4 cxd4 4. Nxd4 Nf6 5. Nc3 e5 6. Nf3 Nc6 7. Bg5 Bb4 8.
Bxf6 Bxc3+ 9. bxc3 Qxf6 10. Bc4 d6 11. Qd3 O-O 12. O-O Be6 13. Nd2 Rfd8 14.
Rfd1 Rac8 15. Bxe6 fxe6 16. c4 Rc7 17. Nf1 d5 18. exd5 exd5 19. cxd5 Nb4 20.
Qb3 Rxc2 21. f3 Qb6+ 22. Kh1 Qf2 23. d6+ Kf8 24. Ne3 Rd7 25. Qe6 Rd8 26. Qf5+
Kg8 27. d7 1/2-1/2

[Event "?"]
[Site "?"]
[Date "????.??.??"]
[Round "?"]
[White "Berger, F."]
[Black "Villing, D."]
[Result "0-1"]
[WhiteElo "1660"]
[BlackElo "2120"]
[PlyCount "29"]
[EventDate "2013.??.??"]
[WhiteTeam "BSW/DBAG 5"]
[BlackTeam "SF Rhein"]

1. d4 Nf6 2. c4 e5 3. dxe5 Ng4 4. Nf3 Bc5 5. e3 Nc6 6. h3 Ngxe5 7. Nxe5 Nxe5 8.
Nc3 O-O 9. Be2 d6 10. O-O Re8 11. Kh1 Qh4 12. f4 Bxh3 13. fxe5 Bd7+ 14. Kg1
Rxe5 15. Rf4 0-1

[Event "?"]
[Site "?"]
[Date "????.??.??"]
[Round "?"]
[White "Goy, U."]
[Black "Gabriel, W."]
[Result "1-0"]
[WhiteElo "2220"]
[BlackElo "1733"]
[PlyCount "65"]
[EventDate "2013.??.??"]
[WhiteTeam "SF Rhein"]
[BlackTeam "BSW/DBAG 5"]

1. d4 Nf6 2. c4 e6 3. Nf3 Be7 4. Nc3 b6 5. e4 d6 6. Bf4 Bb7 7. Bd3 O-O 8. e5
Nfd7 9. Qe2 Nc6 10. Rd1 Qc8 11. O-O Re8 12. Rfe1 Nf8 13. Bg3 Ng6 14. h4 Bf8 15.
h5 Nge7 16. exd6 cxd6 17. Bxd6 Nf5 18. Bxf8 Kxf8 19. Bxf5 exf5 20. Qxe8+ Qxe8
21. Rxe8+ Rxe8 22. Nb5 Nb4 23. d5 Rd8 24. a3 Na6 25. b4 Rd7 26. Ne5 Rd8 27.
Nxa7 f6 28. Nec6 Rd7 29. Re1 Nc7 30. a4 Ne8 31. Nb5 g6 32. Ncd4 Kf7 33. Re6 1-0

[Event "?"]
[Site "?"]
[Date "????.??.??"]
[Round "?"]
[White "Waldmann, D."]
[Black "Krebs, D."]
[Result "0-1"]
[WhiteElo "1452"]
[BlackElo "2080"]
[PlyCount "52"]
[EventDate "2013.??.??"]
[WhiteTeam "BSW/DBAG 5"]
[BlackTeam "SF Rhein"]

1. e4 c5 2. Nf3 d6 3. d4 cxd4 4. Nxd4 Nf6 5. Nc3 a6 6. Bd3 e5 7. Nb3 Be7 8. a3
Be6 9. Bg5 Nbd7 10. Qe2 h6 11. Bxf6 Nxf6 12. Rd1 Qc7 13. O-O O-O 14. Kh1 b5 15.
f3 Rad8 16. a4 b4 17. Nb1 a5 18. Bb5 d5 19. Rd2 dxe4 20. fxe4 Rxd2 21. N1xd2
Rd8 22. Bd3 Bd7 23. Ra1 Be6 24. h3 g6 25. Rc1 Nh5 26. Kh2 Bg5 0-1

[Event "?"]
[Site "?"]
[Date "????.??.??"]
[Round "?"]
[White "Weller, K."]
[Black "Müller, H."]
[Result "1-0"]
[WhiteElo "1967"]
[BlackElo "1550"]
[PlyCount "55"]
[EventDate "2013.??.??"]
[WhiteTeam "SF Rhein"]
[BlackTeam "BSW/DBAG 5"]

1. c4 e5 2. Nc3 c6 3. d4 exd4 4. Qxd4 Ne7 5. e4 d6 6. Bg5 c5 7. Qd2 f6 8. Bf4
Ng6 9. Bg3 Nc6 10. O-O-O Nge5 11. f4 Nf7 12. h3 Be7 13. Nf3 O-O 14. Be2 Re8 15.
Bf2 Bf8 16. g4 g6 17. Rdg1 Bg7 18. h4 Nb4 19. a3 a5 20. f5 g5 21. Be3 h6 22.
Bd3 Na6 23. Qh2 Ne5 24. Nxe5 dxe5 25. Be2 Qe7 26. Nd5 Qf8 27. Rf1 Rb8 28. hxg5
1-0

[Event "?"]
[Site "?"]
[Date "????.??.??"]
[Round "?"]
[White "Hülsmann, J."]
[Black "Weichelt, S."]
[Result "1/2-1/2"]
[WhiteElo "2180"]
[BlackElo "1649"]
[PlyCount "36"]
[EventDate "2013.??.??"]
[WhiteTeam "Mattadore Rheinld"]
[BlackTeam "SK Heidenau"]

1. d4 Nf6 2. Bg5 e6 3. e4 Be7 4. Nd2 d5 5. e5 Nfd7 6. Bxe7 Qxe7 7. Ngf3 c5 8.
c3 Nc6 9. a3 a6 10. Bd3 c4 11. Bc2 b5 12. b4 cxb3 13. Nxb3 Bb7 14. O-O Rc8 15.
Re1 Qd8 16. Re3 Na5 17. Nxa5 Qxa5 18. Nd2 Rxc3 1/2-1/2

[Event "?"]
[Site "?"]
[Date "????.??.??"]
[Round "?"]
[White "Kluge, J."]
[Black "Groß, W."]
[Result "0-1"]
[WhiteElo "1438"]
[BlackElo "2223"]
[PlyCount "86"]
[EventDate "2013.??.??"]
[WhiteTeam "SK Heidenau"]
[BlackTeam "Mattadore Rheinld"]

1. e4 c5 2. c3 Nf6 3. e5 Nd5 4. d4 cxd4 5. cxd4 e6 6. Bc4 d6 7. Bxd5 exd5 8.
Nf3 Be7 9. Nc3 Be6 10. O-O Nc6 11. Bf4 O-O 12. Nb5 dxe5 13. Nxe5 Qb6 14. Nxc6
bxc6 15. Nc7 Rad8 16. Nxe6 fxe6 17. Qd2 c5 18. Rac1 c4 19. a3 Bf6 20. Be3 Rb8
21. Rc2 Rfe8 22. Bf4 Rbd8 23. Rd1 Rd7 24. Qe3 Rb7 25. Be5 Qb3 26. Qe2 Bxe5 27.
dxe5 Rf8 28. Rdd2 Qb6 29. Qg4 Rbf7 30. g3 Rf5 31. Re2 d4 32. Rxc4 d3 33. Re3
Qxb2 34. Rf4 d2 35. Rxf5 Rxf5 36. Kg2 d1=Q 37. Qxd1 Qxf2+ 38. Kh3 Qxe3 39. Qd8+
Rf8 40. Qd6 Qb6 41. Qe7 a5 42. Kh4 Qd4+ 43. Kh3 Qxe5 0-1

[Event "?"]
[Site "?"]
[Date "????.??.??"]
[Round "?"]
[White "Kurka, D."]
[Black "Hanisch, W."]
[Result "1-0"]
[WhiteElo "2069"]
[BlackElo "1211"]
[PlyCount "37"]
[EventDate "2013.??.??"]
[WhiteTeam "Mattadore Rheinld"]
[BlackTeam "SK Heidenau"]

1. d4 Nf6 2. Nf3 Nc6 3. Bf4 d5 4. e3 e6 5. Nbd2 Bd6 6. Ne5 Bxe5 7. dxe5 Ne4 8.
Nxe4 dxe4 9. Qg4 Rg8 10. Rd1 Bd7 11. Bg3 Qe7 12. Qxe4 g6 13. Bb5 Nb8 14. Bxd7+
Nxd7 15. Qxb7 Rb8 16. Qxc7 Qb4+ 17. c3 Qb5 18. Rxd7 Kf8 19. Rxf7+ 1-0

[Event "?"]
[Site "?"]
[Date "????.??.??"]
[Round "?"]
[White "Weiß, H."]
[Black "Neumann, H."]
[Result "0-1"]
[WhiteElo "1632"]
[BlackElo "1908"]
[PlyCount "65"]
[EventDate "2013.??.??"]
[WhiteTeam "SK Heidenau"]
[BlackTeam "Mattadore Rheinld"]

1. f4 d5 2. Nf3 c5 3. d4 Nc6 4. e3 Nf6 5. c3 Qb6 6. Be2 Bg4 7. O-O e6 8. Ne5
Bxe2 9. Qxe2 Bd6 10. Nxc6 bxc6 11. Nd2 O-O 12. Nf3 Rab8 13. Ne5 Rb7 14. Qf3 Ne4
15. Ng4 f5 16. Ne5 Bxe5 17. fxe5 c4 18. Qe2 a5 19. Qc2 Qb5 20. Rb1 Rfb8 21. Re1
a4 22. a3 Qa5 23. Bd2 Rb3 24. Rec1 Qb5 25. Be1 Rxb2 26. Rxb2 Qxb2 27. Qd1 Qxa3
28. Ra1 Qb3 29. Qc1 Qb2 30. Qd1 a3 31. Rc1 a2 32. Ra1 Qxa1 33. Qxa1 0-1

[Event "?"]
[Site "?"]
[Date "????.??.??"]
[Round "?"]
[White "Hampel, J."]
[Black "Schwertel, J."]
[Result "1-0"]
[WhiteElo "2137"]
[BlackElo "2010"]
[PlyCount "99"]
[EventDate "2013.??.??"]
[WhiteTeam "Dresdner Springer"]
[BlackTeam "Rheno Palatinat"]

1. d4 d5 2. c4 c6 3. Nf3 Nf6 4. e3 Bg4 5. Qb3 Qb6 6. Ne5 Be6 7. Nc3 Nbd7 8.
Nxd7 Nxd7 9. Qxb6 Nxb6 10. c5 Nd7 11. Bd3 Nf6 12. b4 a6 13. O-O Bd7 14. Na4 Ne4
15. f3 Nf6 16. Nb6 Rd8 17. Nxd7 Nxd7 18. a4 Ra8 19. Bd2 e6 20. b5 Nb8 21. bxa6
Nxa6 22. Rfb1 Ra7 23. Bxa6 bxa6 24. Rb8+ Ke7 25. Ba5 f6 26. Rab1 g6 27. R1b7+
Rxb7 28. Rxb7+ Ke8 29. Rc7 Rg8 30. Rxc6 Kf7 31. Rxa6 Bh6 32. f4 g5 33. Ra7+ Kg6
34. g3 gxf4 35. exf4 Kf5 36. Kf2 Ke4 37. Rxh7 Bg7 38. Bb6 f5 39. c6 Bxd4+ 40.
Bxd4 Kxd4 41. Re7 Kc3 42. Rxe6 d4 43. c7 Rc8 44. Rc6+ Kb4 45. Ke2 Kxa4 46. Kd3
Kb5 47. Rc1 Kb6 48. h4 Kb7 49. h5 Rg8 50. c8=Q+ 1-0

[Event "?"]
[Site "?"]
[Date "????.??.??"]
[Round "?"]
[White "Wendrich, F."]
[Black "Pusch, H."]
[Result "1-0"]
[WhiteElo "1958"]
[BlackElo "2139"]
[PlyCount "118"]
[EventDate "2013.??.??"]
[WhiteTeam "Dresdner Springer"]
[BlackTeam "Rheno Palatinat"]

1. d4 Nf6 2. c4 g6 3. Nc3 d5 4. cxd5 Nxd5 5. Bd2 Bg7 6. Nf3 O-O 7. Rc1 c6 8. h3
Nd7 9. e4 Nxc3 10. Bxc3 Nf6 11. Bd3 Be6 12. O-O Qd7 13. Ne5 Qd8 14. g4 Nd7 15.
Bc4 Bxc4 16. Nxc4 Nb6 17. Nxb6 Qxb6 18. e5 Rfd8 19. Qe2 Rd5 20. Rcd1 f5 21. f4
e6 22. g5 Rad8 23. Kg2 Bf8 24. Qc4 c5 25. dxc5 Qc6 26. Rxd5 Rxd5 27. Rf3 b5 28.
Qe2 Rxc5 29. a3 a5 30. Kg3 b4 31. axb4 axb4 32. Bxb4 Rc2 33. Qd1 Rc1 34. Qd2
Rg1+ 35. Kf2 Qxf3+ 36. Kxg1 Qg3+ 37. Kf1 Qxh3+ 38. Ke2 Qg2+ 39. Kd1 Qf1+ 40.
Kc2 Qc4+ 41. Bc3 h5 42. b3 Qc6 43. Kb2 Kf7 44. Qf2 Bc5 45. Bd4 Bb4 46. Qc2 Ba3+
47. Kb1 Qh1+ 48. Ka2 Qa8 49. Qc7+ Be7+ 50. Qa7 Qg2+ 51. Bf2 h4 52. Ka1 Qf1+ 53.
Kb2 Qe2+ 54. Ka1 Qd1+ 55. Kb2 Qd2+ 56. Kb1 Qxf4 57. Be3 Qxe5 58. Bf4 Qe4+ 59.
Kb2 Qb1+ 1-0

[Event "?"]
[Site "?"]
[Date "????.??.??"]
[Round "?"]
[White "Denda, R."]
[Black "Schwier, M."]
[Result "1-0"]
[WhiteElo "2020"]
[BlackElo "2103"]
[PlyCount "99"]
[EventDate "2013.??.??"]
[WhiteTeam "Rheno Palatinat"]
[BlackTeam "Dresdner Springer"]

1. e4 d5 2. exd5 Qxd5 3. Nc3 Qa5 4. d4 Nf6 5. Nf3 Bf5 6. Bd3 Nbd7 7. O-O c6 8.
Ne2 Bg4 9. Ng3 e6 10. h3 Bxf3 11. Qxf3 Be7 12. c3 Qb6 13. Re1 a5 14. b3 Rd8 15.
Bb2 Kf8 16. Re2 h5 17. Rae1 Kg8 18. Nf5 Bf8 19. Ne3 Qc7 20. Nc4 b5 21. Ne5 Nxe5
22. Rxe5 Bd6 23. Rg5 Kf8 24. c4 b4 25. d5 e5 26. Bxe5 Bxe5 27. Rgxe5 cxd5 28.
cxd5 Qd6 29. Bc4 Rh6 30. Qe3 Kg8 31. Qa7 Rd7 32. Qxa5 g6 33. Qa8+ Kg7 34. Qc6
Rh8 35. Qxd6 Rxd6 36. Rd1 Ra8 37. Rd2 Ra5 38. f4 Rc5 39. Kf2 Nd7 40. Re4 Nb6
41. Red4 Ra5 42. Kf3 f5 43. g4 hxg4+ 44. hxg4 fxg4+ 45. Kxg4 Kf6 46. Re2 Kf7
47. Rde4 Nxd5 48. Bxd5+ Raxd5 49. Rxb4 Rd1 50. Rg2 1-0

[Event "?"]
[Site "?"]
[Date "????.??.??"]
[Round "?"]
[White "Nagorni, W."]
[Black "Palmo, P."]
[Result "1/2-1/2"]
[WhiteElo "2061"]
[BlackElo "2036"]
[PlyCount "53"]
[EventDate "2013.??.??"]
[WhiteTeam "Widukind 2"]
[BlackTeam "Turku"]

1. Nf3 Nf6 2. c4 e6 3. d4 d5 4. g3 dxc4 5. Bg2 a6 6. O-O Be7 7. Qc2 O-O 8. Qxc4
b5 9. Qc2 Bb7 10. Rd1 Be4 11. Qd2 c5 12. Nc3 Bb7 13. Qc2 Qb6 14. e3 Nc6 15.
dxc5 Bxc5 16. a3 Rac8 17. b4 Be7 18. Bb2 a5 19. Qe2 Na7 20. Na2 Bd5 21. Bd4 Qa6
22. Qb2 Nc6 23. Ne5 Bxg2 24. Kxg2 Qb7 25. Kg1 axb4 26. Nxb4 Nxb4 27. axb4
1/2-1/2

[Event "?"]
[Site "?"]
[Date "????.??.??"]
[Round "?"]
[White "Alkkiomäki, J."]
[Black "Perk, E."]
[Result "0-1"]
[WhiteElo "1977"]
[BlackElo "2008"]
[PlyCount "79"]
[EventDate "2013.??.??"]
[WhiteTeam "Turku"]
[BlackTeam "Widukind 2"]

1. e4 d6 2. d4 Nf6 3. Nc3 c6 4. Be3 Qc7 5. Qd2 e5 6. O-O-O Be7 7. f3 b5 8. d5
b4 9. Na4 cxd5 10. exd5 Qb7 11. b3 Nbd7 12. Kb1 a5 13. Ne2 Bd8 14. Nc1 O-O 15.
g4 Nb6 16. Nxb6 Bxb6 17. Bxb6 Qxb6 18. h4 a4 19. h5 h6 20. g5 hxg5 21. Qxg5 Nh7
22. Qd2 Bf5 23. Bd3 Bxd3 24. Nxd3 Rfb8 25. Rhg1 axb3 26. cxb3 Kh8 27. Rg4 f5
28. Rg6 Nf8 29. Rh1 Qd4 30. Rxg7 Kxg7 31. Qg5+ Kf7 32. Qxf5+ Ke7 33. h6 Nd7 34.
Qe6+ Kd8 35. Nb2 Rc8 36. h7 Kc7 37. Rc1+ Nc5 38. Qe7+ Kb8 39. Qxd6+ Kb7 40.
h8=Q 0-1

[Event "?"]
[Site "?"]
[Date "????.??.??"]
[Round "?"]
[White "Kluger, H."]
[Black "Ranki, M."]
[Result "1/2-1/2"]
[WhiteElo "1950"]
[BlackElo "1925"]
[PlyCount "42"]
[EventDate "2013.??.??"]
[WhiteTeam "Widukind 2"]
[BlackTeam "Turku"]

1. e4 e5 2. Nf3 Nc6 3. Bb5 a6 4. Ba4 Nf6 5. O-O d6 6. Bxc6+ bxc6 7. Nc3 Be7 8.
d4 exd4 9. Nxd4 Bd7 10. Re1 O-O 11. Bg5 Re8 12. h3 Rb8 13. Rb1 h6 14. Bf4 Bf8
15. Qd3 a5 16. Nb3 Ra8 17. Bh2 Qc8 18. e5 Nd5 19. Nxd5 cxd5 20. exd6 cxd6 21.
Nd4 Qc4 1/2-1/2

[Event "?"]
[Site "?"]
[Date "????.??.??"]
[Round "?"]
[White "Rantanen, V."]
[Black "Hentzschel, E."]
[Result "1/2-1/2"]
[WhiteElo "1917"]
[BlackElo "1903"]
[PlyCount "49"]
[EventDate "2013.??.??"]
[WhiteTeam "Turku"]
[BlackTeam "Widukind 2"]

1. e4 e5 2. Nf3 d6 3. d4 exd4 4. Nxd4 Be7 5. Nc3 Nf6 6. Bd3 Nbd7 7. Nf5 O-O 8.
O-O Ne5 9. Nxe7+ Qxe7 10. Bg5 c6 11. Be2 h6 12. Bh4 Ng6 13. Bg3 Rd8 14. Bf3 Ne5
15. Bxe5 dxe5 16. Qe2 Be6 17. a3 Rd4 18. Rfd1 Rad8 19. Qe1 Bg4 20. Bxg4 Nxg4
21. h3 Nf6 22. f3 Qc5 23. Kh2 Qe7 24. Ne2 Rxd1 25. Rxd1 1/2-1/2

[Event "?"]
[Site "?"]
[Date "????.??.??"]
[Round "?"]
[White "Jones, I."]
[Black "Schneider, M."]
[Result "1-0"]
[WhiteElo "2225"]
[BlackElo "1957"]
[PlyCount "49"]
[EventDate "2013.??.??"]
[WhiteTeam "Wales"]
[BlackTeam "Störtebeker"]

1. d4 d5 2. Nf3 Nf6 3. c4 e6 4. Nbd2 c6 5. g3 Be7 6. Bg2 O-O 7. O-O Nbd7 8. b3
b6 9. Bb2 Bb7 10. Rc1 Rc8 11. Re1 Re8 12. Qc2 Bf8 13. e4 dxe4 14. Nxe4 Nxe4 15.
Qxe4 Rc7 16. Qc2 c5 17. d5 exd5 18. Rxe8 Qxe8 19. Ng5 g6 20. cxd5 Bd6 21. Ne4
Be5 22. d6 Bxe4 23. Qxe4 Rc8 24. Re1 Qe6 25. Bxe5 1-0

[Event "?"]
[Site "?"]
[Date "????.??.??"]
[Round "?"]
[White "Johannsen, I."]
[Black "Thornton, J."]
[Result "0-1"]
[WhiteElo "1933"]
[BlackElo "2029"]
[PlyCount "78"]
[EventDate "2013.??.??"]
[WhiteTeam "Störtebeker"]
[BlackTeam "Wales"]

1. e4 e6 2. d4 d5 3. exd5 exd5 4. Nf3 Nf6 5. Bd3 Bg4 6. O-O Be7 7. Re1 O-O 8.
h3 Bh5 9. Nbd2 Nc6 10. c3 Re8 11. Nf1 Bd6 12. Rxe8+ Qxe8 13. g4 Bg6 14. Bxg6
hxg6 15. Be3 Qd7 16. N3h2 Re8 17. Kg2 Nd8 18. Qd3 Ne6 19. Re1 Nf4+ 20. Bxf4
Rxe1 21. Be3 Qa4 22. Nf3 Ra1 23. a3 Qc4 24. Qxc4 dxc4 25. N1d2 b5 26. Ng5 Ra2
27. Nge4 Nd5 28. Kf3 Rxb2 29. a4 a6 30. axb5 axb5 31. Nxd6 cxd6 32. Ne4 Nxe3
33. Kxe3 d5 34. Nd6 Kf8 35. Kf4 f6 36. f3 b4 37. Nb5 b3 38. Nc7 Re2 39. Nxd5 b2
0-1

[Event "?"]
[Site "?"]
[Date "????.??.??"]
[Round "?"]
[White "Miles, R."]
[Black "Mewes, H."]
[Result "1/2-1/2"]
[WhiteElo "2088"]
[BlackElo "1899"]
[PlyCount "68"]
[EventDate "2013.??.??"]
[WhiteTeam "Wales"]
[BlackTeam "Störtebeker"]

1. d4 Nf6 2. c4 e6 3. Nc3 d5 4. cxd5 exd5 5. Bg5 Be7 6. e3 Nbd7 7. Qc2 c6 8.
Bd3 O-O 9. Nge2 Re8 10. h3 h6 11. Bf4 Nf8 12. O-O-O Bd6 13. g4 N6h7 14. Ng3 Kh8
15. Nf5 Bxf5 16. Bxf5 Bxf4 17. exf4 Qd6 18. Qd2 Re7 19. Rde1 Rae8 20. Re5 Nd7
21. Bxd7 Qxd7 22. Rhe1 f6 23. Rxe7 Rxe7 24. Rxe7 Qxe7 25. Qe3 Qxe3+ 26. fxe3
Nf8 27. b4 Ne6 28. b5 Kg8 29. bxc6 bxc6 30. Kb2 Kf7 31. Ka3 Ke7 32. Kb4 Kd6 33.
Na4 g6 34. a3 f5 1/2-1/2

[Event "?"]
[Site "?"]
[Date "????.??.??"]
[Round "?"]
[White "Buck, K."]
[Black "Waterfield, J."]
[Result "0-1"]
[WhiteElo "1730"]
[BlackElo "1980"]
[PlyCount "72"]
[EventDate "2013.??.??"]
[WhiteTeam "Störtebeker"]
[BlackTeam "Wales"]

1. b4 e5 2. a3 a5 3. b5 Nf6 4. Bb2 d6 5. e3 Bg4 6. Be2 Bxe2 7. Nxe2 g6 8. c4
Nbd7 9. O-O Bg7 10. Nbc3 O-O 11. d3 Re8 12. Ng3 h5 13. Nge4 Ng4 14. h3 Nh6 15.
Nd2 Nc5 16. Nb3 Ne6 17. a4 c6 18. Rb1 d5 19. Ne2 cxb5 20. cxb5 b6 21. Qd2 Rc8
22. Rfc1 Qh4 23. Rxc8 Rxc8 24. Rc1 Rxc1+ 25. Qxc1 Qxa4 26. Qc2 Qxb5 27. Qc8+
Kh7 28. Qc2 Nf5 29. Ba3 Bf8 30. Bxf8 Nxf8 31. Qc8 Kg7 32. Nbc1 Qd7 33. Qb8 Qd6
34. Qa8 Ne7 35. Nc3 d4 36. Ne4 Qc6 0-1

[Event "?"]
[Site "?"]
[Date "????.??.??"]
[Round "?"]
[White "Schmidt, G."]
[Black "Habershon, P."]
[Result "1/2-1/2"]
[WhiteElo "2093"]
[BlackElo "2092"]
[PlyCount "28"]
[EventDate "2013.??.??"]
[WhiteTeam "SV Bannewitz"]
[BlackTeam "England 3"]

1. e4 Nf6 2. Nc3 d6 3. d4 g6 4. Nf3 Bg7 5. Be2 c6 6. Bg5 b5 7. a3 a6 8. Qd2 h6
9. Bf4 Bb7 10. h3 Nbd7 11. e5 dxe5 12. dxe5 Nd5 13. Nxd5 cxd5 14. c3 e6 1/2-1/2

[Event "?"]
[Site "?"]
[Date "????.??.??"]
[Round "?"]
[White "Reuben, S."]
[Black "Heinig, J."]
[Result "1/2-1/2"]
[WhiteElo "2069"]
[BlackElo "1828"]
[PlyCount "34"]
[EventDate "2013.??.??"]
[WhiteTeam "England 3"]
[BlackTeam "SV Bannewitz"]

1. d4 Nf6 2. c4 g6 3. g3 Bg7 4. Bg2 d6 5. Nc3 O-O 6. e4 e5 7. Nge2 Nc6 8. d5
Ne7 9. O-O Nd7 10. Be3 f5 11. Qd2 Nf6 12. Bh6 Nxe4 13. Nxe4 fxe4 14. Bxg7 Kxg7
15. Bxe4 Bh3 16. Bg2 Bxg2 17. Kxg2 Nf5 1/2-1/2

[Event "?"]
[Site "?"]
[Date "????.??.??"]
[Round "?"]
[White "Köhn, W."]
[Black "Wood, P."]
[Result "1/2-1/2"]
[WhiteElo "1531"]
[BlackElo "1951"]
[PlyCount "37"]
[EventDate "2013.??.??"]
[WhiteTeam "SV Bannewitz"]
[BlackTeam "England 3"]

1. d4 e6 2. c4 Nf6 3. Nc3 d5 4. Nf3 Be7 5. cxd5 exd5 6. Bf4 c6 7. e3 Bf5 8. Bd3
Bg6 9. Qc2 Na6 10. a3 Nc7 11. Ne5 Ne6 12. Bg3 O-O 13. Bxg6 hxg6 14. b4 Rc8 15.
O-O Nh5 16. Na4 Nxg3 17. hxg3 Bd6 18. Nf3 Qc7 19. Nc5 1/2-1/2